Návrh metodického postupu pre prenos daňovej povinnosti DPH v účtovníctve podnikateľov v podmienkach SR diplomová práca

Salvato in:
Dettagli Bibliografici
Autore principale: Pavlíková, Martina
Ente Autore: Fakulta hospodárskej informatiky EU. Katedra účtovníctva a audítorstva
Altri autori: Krišková, Petra, 1981-
Natura: Libro
Lingua:slovacco
Pubblicazione: Bratislava 2025
Tags: Aggiungi Tag
Nessun Tag, puoi essere il primo ad aggiungerne!!

MARC

LEADER 00000nbm a2200000 4500
001 0310417
005 20251208124244.8
041 0 |a slo 
044 |a SK 
245 1 0 |a Návrh metodického postupu pre prenos daňovej povinnosti DPH v účtovníctve podnikateľov v podmienkach SR  |b diplomová práca  |c Martina Pavlíková ; školiteľ: Petra Krišková 
264 1 |a Bratislava  |c 2025 
300 |a 70 s. 
100 1 |a Pavlíková, Martina 
700 1 |a Krišková, Petra, 1981- 
710 2 |a Fakulta hospodárskej informatiky EU. Katedra účtovníctva a audítorstva